000
00272nam a2200109Ia 4500
008
190914s9999||||xx |||||||||||||| ||und||
100
_a
Hogg,Tanis Rao
245
0
_a
Probability and Statistical Inference
260
_a
New Delhi
_b
Dorling
_c
2003
300
_a
654
942
_c
BK
999
_c
9911
_d
9911